GATE 2014 Electronics and Communication Engineering (previous year question paper) (Record no. 33)

MARC details
000 -LEADER
fixed length control field 00411nam a2200133Ia 4500
008 - FIXED-LENGTH DATA ELEMENTS--GENERAL INFORMATION
fixed length control field 191201s2012 xx 000 0 und d
082 ## - DEWEY DECIMAL CLASSIFICATION NUMBER
Classification number 621
Item number GAA
100 ## - MAIN ENTRY--PERSONAL NAME
Personal name ACE Engineering publication
245 #0 - TITLE STATEMENT
Title GATE 2014 Electronics and Communication Engineering (previous year question paper)
260 ## - PUBLICATION, DISTRIBUTION, ETC. (IMPRINT)
Place of publication, distribution, etc Donated
Name of publisher, distributor, etc ACE Engineering publication,Hyderabad
Date of publication, distribution, etc 2012
300 ## - PHYSICAL DESCRIPTION
Extent 767
650 ## - SUBJECT ADDED ENTRY--TOPICAL TERM
Topical term or geographic name as entry element B.Tech(ECE)
942 ## - ADDED ENTRY ELEMENTS (KOHA)
Source of classification or shelving scheme Dewey Decimal Classification
Koha item type Text Books
Holdings
Withdrawn status Lost status Source of classification or shelving scheme Damaged status Not for loan Collection code Home library Current library Date acquired Source of acquisition Bill Number Total Checkouts Full call number Acc. no. / Barcode Date last seen Bill Date Koha item type Public note
    Dewey Decimal Classification     B.Tech(ECE) PIET C-LIBRARY PIET C-LIBRARY 12/02/2014 Donated Donated   621 GAA 22972 04/12/2019 10/02/2014 Text Books Donated

Design & Developed by: PIET Central Library
R70 Miles Stone Pattikalyana Samalkha Panipat 132102
mail ID :- [email protected], Phone No:- 0180-2569700 Ex.216